| 000 | 00524nam a22001697a 4500 | ||
|---|---|---|---|
| 005 | 20251028144255.0 | ||
| 008 | 251028b |||||||| |||| 00| 0 eng d | ||
| 020 | _a9780803627789 | ||
| 050 |
_aRT49 _b.T74 |
||
| 100 | _aTreas, Leslie S. | ||
| 245 |
_aBasic Nursing _bConcepts, Skills & Reasoning _cLeslie S. Treas & Judith M. Wilkinson |
||
| 260 |
_aPhiladelphia _bF. A. Davis Company _c2014 |
||
| 300 |
_axliv. 1708p. _bill. color _c28.5cm |
||
| 500 | _aincludes index | ||
| 700 | _aWilkinson, Judith M. | ||
| 942 |
_2lcc _cBK _n0 |
||
| 999 |
_c7856 _d7856 |
||